00363nam a22001337a 4500003000400000005001700004008004100021020001800062040000800080100001700088245006900105250001100174260004400185OSt20160804104038.0160804b xxu||||| |||| 00| 0 eng d a9781429209007 cN/A aCraig Bleyer aFor all practical purposesbMathematical literacy in today world a8th ed aNewYorkbW.H. Freeman and Companyc2009